[Event "Benalmadena Rapid op 1st"]
[Site "Benalmadena"]
[Date "2023.02.26"]
[Round "4"]
[White "Ledesma Claros, Daniel"]
[Black "Cesar Maestre, Bernardo"]
[Result "1/2-1/2"]
[WhiteElo "2073"]
[BlackElo "2290"]
[PlyCount "60"]
[EventDate "2023.02.25"]
[EventType "swiss (rapid)"]
[EventRounds "9"]
[EventCountry "ESP"]
[SourceTitle "CBM 212 Extra"]
[Source "ChessBase"]
[SourceDate "2023.03.31"]
[SourceVersion "1"]
[SourceVersionDate "2023.03.31"]
[SourceQuality "1"]

1. e4 c5 2. Nc3 Nc6 3. f4 g6 4. Nf3 Bg7 5. a4 e6 6. e5 d6 7. Bb5 Nge7 8. Ne4 dxe5 9. fxe5 0-0 10. Nf6+ Kh8 11. d4 Nxd4 12. Bg5 h6 13. h4 Nxf3+ 14. Qxf3 Qd4 15. Qe2 Qxb2 16. Rd1 Nf5 17. Rh3 Nd4 18. Rxd4 Qxd4 19. h5 Rd8 20. hxg6 Qg1+ 21. Qf1 Qxf1+ 22. Kxf1 fxg6 23. Bxh6 Bxh6 24. Rxh6+ Kg7 25. Rh7+ Kf8 26. Rh8+ Ke7 27. Rh7+ Kf8 28. Be8 Rxe8 29. Rh8+ Kg7 30. Rxe8 b6 1/2-1/2

[Event "Coin op"]
[Site "Coin"]
[Date "2021.04.01"]
[Round "1"]
[White "Ledesma Claros, Daniel"]
[Black "Gomez Salva, Roberto"]
[Result "1-0"]
[WhiteElo "2064"]
[BlackElo "1493"]
[PlyCount "39"]
[EventDate "2021.04.01"]
[EventType "swiss"]
[EventRounds "7"]
[EventCountry "ESP"]
[SourceTitle "EXT 2022"]
[Source "ChessBase"]
[SourceDate "2021.10.06"]
[SourceVersion "1"]
[SourceVersionDate "2021.10.06"]
[SourceQuality "1"]

1. e4 c5 2. Nc3 Nc6 3. f4 g6 4. Nf3 Bg7 5. Bc4 d6 6. 0-0 Nf6 7. d3 0-0 8. Qe1 Be6 9. Qh4 Bxc4 10. dxc4 Nd4 11. f5 Nxf3+ 12. Rxf3 e6 13. Bg5 h6 14. Bxh6 Bxh6 15. Qxh6 Ng4 16. Qf4 Ne5 17. f6 Nxf3+ 18. Qxf3 Re8 19. Rf1 e5 20. Re1 1-0

[Event "Coin op"]
[Site "Coin"]
[Date "2021.04.01"]
[Round "2"]
[White "Pena Rodriguez, Victor"]
[Black "Ledesma Claros, Daniel"]
[Result "0-1"]
[WhiteElo "1730"]
[BlackElo "2064"]
[PlyCount "90"]
[EventDate "2021.04.01"]
[EventType "swiss"]
[EventRounds "7"]
[EventCountry "ESP"]
[SourceTitle "EXT 2022"]
[Source "ChessBase"]
[SourceDate "2021.10.06"]
[SourceVersion "1"]
[SourceVersionDate "2021.10.06"]
[SourceQuality "1"]

1. e4 c5 2. Nc3 g6 3. f4 Nc6 4. Nf3 Bg7 5. Bb5 Nd4 6. 0-0 a6 7. Bc4 e6 8. a4 Ne7 9. d3 0-0 10. Be3 d5 11. Bb3 Nxf3+ 12. Qxf3 d4 13. Bd2 dxc3 14. Bxc3 Nc6 15. Bxg7 Kxg7 16. c3 Qb6 17. Bc4 Qxb2 18. f5 exf5 19. exf5 Bxf5 20. g4 Ne5 21. Qf4 Nxg4 22. h3 Nf6 23. Rab1 Qxc3 24. Rxb7 Qd4+ 25. Qxd4 cxd4 26. Re1 Rab8 27. Ree7 Rxb7 28. Rxb7 Nd7 29. Kg2 Nc5 30. Ra7 Nxd3 31. Rxa6 Nc5 32. Rd6 Nxa4 33. Rxd4 Nc5 34. Be2 Re8 35. Bd1 Be4+ 36. Kg3 f5 37. h4 f4+ 38. Kf2 Ra8 39. Rc4 Ra2+ 40. Ke1 Nd3+ 41. Kf1 Bg2+ 42. Kg1 f3 43. Rc3 Rd2 44. Bc2 Nf4 45. Be4 f2+ 0-1

[Event "Wch FIDE Online U18 Europe qual"]
[Site "Tornelo INT"]
[Date "2020.12.07"]
[Round "1"]
[White "Baenziger, Fabian"]
[Black "Ledesma Claros, Daniel"]
[Result "1-0"]
[WhiteElo "2214"]
[BlackElo "1617"]
[PlyCount "71"]
[EventDate "2020.12.07"]
[EventType "swiss (rapid)"]
[EventRounds "7"]
[EventCountry "ISS"]
[SourceTitle "EXT 2022"]
[Source "ChessBase"]
[SourceDate "2021.10.06"]
[SourceVersion "1"]
[SourceVersionDate "2021.10.06"]
[SourceQuality "1"]

1. d4 Nf6 2. c4 e5 3. dxe5 Ng4 4. e3 Nxe5 5. Nc3 Nbc6 6. b3 Bb4 7. Bb2 Qf6 8. Qd2 d6 9. Nge2 0-0 10. Nf4 Be6 11. a3 Bxc3 12. Qxc3 g5 13. Nh5 Qh6 14. Be2 f6 15. f4 Bf7 16. Ng3 gxf4 17. exf4 Qxf4 18. Rf1 Qh4 19. 0-0-0 Bg6 20. Qd2 Ne7 21. Rf4 Qh6 22. Rdf1 Rae8 23. h4 Qg7 24. h5 Bf7 25. Qc3 Be6 26. Kb1 Kh8 27. Ka1 c6 28. Ne4 Ng8 29. Nxd6 Rd8 30. Ne4 Rd7 31. Nxf6 Nxf6 32. Qxe5 Rdf7 33. Qxe6 Qh6 34. Rxf6 Rxf6 35. Rxf6 Rxf6 36. Bxf6+ 1-0

[Event "Wch FIDE Online U18 Europe qual"]
[Site "Tornelo INT"]
[Date "2020.12.07"]
[Round "2"]
[White "Ledesma Claros, Daniel"]
[Black "Kanyamarala, Tarun"]
[Result "1-0"]
[WhiteElo "1617"]
[BlackElo "2018"]
[PlyCount "83"]
[EventDate "2020.12.07"]
[EventType "swiss (rapid)"]
[EventRounds "7"]
[EventCountry "ISS"]
[SourceTitle "EXT 2022"]
[Source "ChessBase"]
[SourceDate "2021.10.06"]
[SourceVersion "1"]
[SourceVersionDate "2021.10.06"]
[SourceQuality "1"]

1. e4 c6 2. Nc3 d5 3. Nf3 Bg4 4. h3 Bxf3 5. Qxf3 e6 6. d4 Bb4 7. e5 Ne7 8. Bd3 c5 9. a3 Bxc3+ 10. bxc3 c4 11. Be2 Nd7 12. a4 Qa5 13. 0-0 Nb6 14. Ba3 Nxa4 15. Rfb1 b5 16. Bb4 Qa6 17. Qg4 Nf5 18. Qf4 Qc6 19. Bg4 a5 20. Ba3 Nxc3 21. Re1 Ne7 22. Bxe7 Kxe7 23. Qg5+ Kf8 24. Re3 Ne4 25. Qf4 h5 26. Bf3 g5 27. Qh2 h4 28. Bg4 Qb6 29. Rd1 b4 30. f4 Qd8 31. f5 Ng3 32. fxe6 fxe6 33. Bxe6 Kg7 34. Rxg3 hxg3 35. Qxg3 Ra6 36. Qg4 Rh6 37. Bf5 a4 38. e6 Rh4 39. Qg3 Qd6 40. Qxg5+ Kf8 41. Qf6+ Ke8 42. Bg6# 1-0

[Event "ESP-ch U18"]
[Site "Salobrena"]
[Date "2020.08.21"]
[Round "7"]
[White "Cesar Maestre, Bernardo"]
[Black "Ledesma Claros, Daniel"]
[Result "1-0"]
[WhiteElo "2142"]
[BlackElo "2060"]
[PlyCount "55"]
[EventDate "2020.08.17"]
[EventType "swiss"]
[EventRounds "9"]
[EventCountry "ESP"]
[SourceTitle "CBM 197 Extra"]
[Source "ChessBase"]
[SourceDate "2020.09.30"]
[SourceVersion "1"]
[SourceVersionDate "2020.09.30"]
[SourceQuality "1"]

1. e4 Nc6 2. Nf3 d5 3. exd5 Qxd5 4. Nc3 Qa5 5. Be2 e5 6. 0-0 Bd7 7. Bc4 f6 8. d3 0-0-0 9. Bd2 Bb4 10. a3 Bxc3 11. Bxc3 Qc5 12. b4 Qd6 13. b5 Nd4 14. Bb4 Qb6 15. a4 a5 16. bxa6 Bg4 17. c3 Nxf3+ 18. gxf3 Bh3 19. a5 Qa7 20. Rb1 h5 21. Qb3 bxa6 22. Be6+ Bxe6 23. Qxe6+ Rd7 24. Qe8+ Rd8 25. Qc6 f5 26. Bc5 Rh6 27. Qxh6 Qxc5 28. Qe6+ 1-0

[Event "ESP-ch U18"]
[Site "Salobrena"]
[Date "2020.08.17"]
[Round "1"]
[White "Ledesma Claros, Daniel"]
[Black "Lopez Milian, Andrea"]
[Result "1-0"]
[WhiteElo "2060"]
[BlackElo "1613"]
[PlyCount "41"]
[EventDate "2020.08.17"]
[EventType "swiss"]
[EventRounds "9"]
[EventCountry "ESP"]
[SourceTitle "CBM 197 Extra"]
[Source "ChessBase"]
[SourceDate "2020.09.30"]
[SourceVersion "1"]
[SourceVersionDate "2020.09.30"]
[SourceQuality "1"]

1. e4 e5 2. Nf3 Nc6 3. Bc4 Bc5 4. c3 Nf6 5. d4 exd4 6. 0-0 d6 7. cxd4 Bb6 8. h3 h6 9. Nc3 0-0 10. Re1 Re8 11. a4 Ba5 12. Qb3 Bxc3 13. Bxf7+ Kh8 14. bxc3 Rxe4 15. Rxe4 Nxe4 16. d5 Nc5 17. Qc4 Na5 18. Qf4 Nab3 19. Be3 Nxa1 20. Bd4 Nab3 21. Qxh6# 1-0

[Event "ESP-ch U18"]
[Site "Salobrena"]
[Date "2019.07.23"]
[Round "3"]
[White "Merelo Garcia, Francisco"]
[Black "Ledesma Claros, Daniel"]
[Result "1/2-1/2"]
[WhiteElo "1867"]
[BlackElo "2061"]
[PlyCount "62"]
[EventDate "2019.07.22"]
[EventType "swiss"]
[EventRounds "9"]
[EventCountry "ESP"]
[SourceTitle "CBM 191 Extra"]
[Source "ChessBase"]
[SourceDate "2019.09.30"]
[SourceVersion "1"]
[SourceVersionDate "2019.09.30"]
[SourceQuality "1"]

1. e4 e6 2. d4 d5 3. e5 c5 4. c3 Qb6 5. Nf3 Nc6 6. a3 c4 7. Be2 Na5 8. Nbd2 Bd7 9. 0-0 Ne7 10. Rb1 Nb3 11. Nxb3 Ba4 12. Nfd2 Nc6 13. Qe1 Bxb3 14. Bd1 Na5 15. Bxb3 Nxb3 16. Nxb3 Qxb3 17. Qd1 Rc8 18. Qxb3 cxb3 19. Bd2 Rc4 20. f4 g6 21. g4 h5 22. f5 gxf5 23. gxf5 Bh6 24. Bxh6 Rxh6 25. Rf3 exf5 26. Rxf5 Rcc6 27. Rbf1 Rcg6+ 28. Kh1 Rh7 29. Rg1 Rg4 30. Rxg4 hxg4 31. Rg5 Rh4 1/2-1/2

[Event "Malaga-ch"]
[Site "Malaga"]
[Date "2019.02.10"]
[Round "3.1"]
[White "Ledesma Claros, Daniel"]
[Black "Ramos Moreno, Francisco Jose"]
[Result "1/2-1/2"]
[WhiteElo "2063"]
[BlackElo "2117"]
[PlyCount "62"]
[EventDate "2019.02.09"]
[EventType "swiss"]
[EventRounds "7"]
[EventCountry "ESP"]
[SourceTitle "EXT 2024"]
[Source "ChessBase"]
[SourceDate "2023.10.10"]
[SourceVersion "1"]
[SourceVersionDate "2023.10.10"]
[SourceQuality "1"]

1. e4 d5 2. exd5 Qxd5 3. Nc3 Qa5 4. d4 Nf6 5. Nf3 Nc6 6. Bc4 Bg4 7. h3 Qh5 8. Be2 e6 9. Be3 Bd6 10. Qd2 0-0 11. 0-0-0 Bxf3 12. gxf3 Qa5 13. Rhg1 Ne7 14. Kb1 Bb4 15. a3 Bxc3 16. Qxc3 Qxc3 17. bxc3 Nf5 18. c4 Nxe3 19. fxe3 Rfd8 20. c3 Rd7 21. Kc2 h6 22. Rb1 c6 23. a4 Rc8 24. a5 a6 25. f4 Rcc7 26. Bd3 Re7 27. Rb2 Kf8 28. Rgb1 g6 29. Kd2 Ke8 30. Ke2 Kf8 31. Kf3 Kg7 1/2-1/2

[Event "Andalucia-chT Honor Oriental"]
[Site "Andalucia"]
[Date "2018.11.18"]
[Round "7.34"]
[White "Ledesma Claros, Daniel"]
[Black "Juan Delgado, Adrian"]
[Result "1-0"]
[WhiteElo "1970"]
[BlackElo "1979"]
[PlyCount "107"]
[EventDate "2018.09.30"]
[EventType "team-tourn"]
[EventRounds "7"]
[EventCountry "ESP"]
[SourceTitle "EXT 2020"]
[Source "ChessBase"]
[SourceDate "2019.10.17"]
[SourceVersion "1"]
[SourceVersionDate "2019.10.17"]
[SourceQuality "1"]
[WhiteTeam "Miraflores Smartick"]
[BlackTeam "Cruz Roja Santa Juana"]
[WhiteTeamCountry "ESP"]
[BlackTeamCountry "ESP"]

1. e4 d5 2. exd5 Qxd5 3. Nc3 Qd8 4. d4 Nf6 5. Nf3 c6 6. Bc4 Bf5 7. Ne5 e6 8. g4 Be4 9. 0-0 h6 10. Nxe4 Nxe4 11. Nxf7 Kxf7 12. Qf3+ Nf6 13. Qf5 Qe8 14. Re1 g6 15. Qf3 Kg7 16. Rxe6 Qd8 17. Bxh6+ Rxh6 18. g5 Rh5 19. Qxf6+ Qxf6 20. gxf6+ Kh6 21. Re8 Bd6 22. f7 Rf5 23. Rae1 b5 24. Bb3 a5 25. Rh8+ Kg7 26. Rg8+ Kh7 27. Ree8 Ra7 28. Rh8+ Kg7 29. Reg8+ Kf6 30. f8Q+ Bxf8 31. Rxf8+ Kg5 32. Rxf5+ Kxf5 33. Rxb8 a4 34. Rf8+ Ke4 35. Bf7 Kxd4 36. Bxg6 a3 37. b3 Kc3 38. b4 Rg7 39. Rf3+ Kb2 40. Rg3 Kxa2 41. Bf5 Re7 42. Re3 Rc7 43. Kf1 Ra7 44. Rb3 Rf7 45. Be4 Rf6 46. f3 Rh6 47. Kg2 Rd6 48. h4 Rd1 49. Bxc6 Rd2+ 50. Kg3 Rxc2 51. Bd5 Rc4 52. Rc3 Kb2 53. Rxc4 a2 54. Rc2+ 1-0

[Event "Andalucia-chT Honor Oriental"]
[Site "Andalucia"]
[Date "2018.11.17"]
[Round "6.34"]
[White "Jarque Megias, Juan Jose"]
[Black "Ledesma Claros, Daniel"]
[Result "0-1"]
[WhiteElo "2082"]
[BlackElo "1970"]
[PlyCount "74"]
[EventDate "2018.09.30"]
[EventType "team-tourn"]
[EventRounds "7"]
[EventCountry "ESP"]
[SourceTitle "EXT 2020"]
[Source "ChessBase"]
[SourceDate "2019.10.17"]
[SourceVersion "1"]
[SourceVersionDate "2019.10.17"]
[SourceQuality "1"]
[WhiteTeam "Caja Granada"]
[BlackTeam "Miraflores Smartick"]
[WhiteTeamCountry "ESP"]
[BlackTeamCountry "ESP"]

1. e4 e6 2. d4 d5 3. Nc3 Bb4 4. e5 c5 5. a3 Bxc3+ 6. bxc3 Qc7 7. Nf3 Ne7 8. Bd3 Bd7 9. 0-0 Ba4 10. Be3 Nd7 11. Qd2 Rc8 12. Rfc1 Nc6 13. h4 Qa5 14. Rab1 a6 15. Rxb7 c4 16. Be2 Bb5 17. Bg5 h6 18. Bf4 Nd8 19. Rxd7 Bxd7 20. Ra1 Rb8 21. g4 Qb6 22. Bg3 Qb2 23. Re1 Qxa3 24. g5 Rb2 25. gxh6 Rxh6 26. Nh2 Ba4 27. Bd1 Rb1 28. Ng4 Rh7 29. f4 a5 30. Ne3 Bd7 31. Rf1 a4 32. f5 Qb2 33. fxe6 Bxe6 34. Nf5 Bxf5 35. Rxf5 Qc1 36. Qg2 Qxd1+ 37. Kh2 Qg4 0-1

[Event "Gibraltar U16 op"]
[Site "Caleta"]
[Date "2017.08.21"]
[Round "6"]
[White "Ledesma Claros, Daniel"]
[Black "Munoz Pelaez, Manuel"]
[Result "1/2-1/2"]
[WhiteElo "1940"]
[BlackElo "2104"]
[PlyCount "52"]
[EventDate "2017.08.18"]
[EventType "swiss"]
[EventRounds "6"]
[EventCountry "GGB"]
[SourceTitle "CBM 180 Extra"]
[Source "ChessBase"]
[SourceDate "2017.10.06"]
[SourceVersion "1"]
[SourceVersionDate "2017.10.06"]
[SourceQuality "1"]

1. c4 e5 2. Nc3 Nc6 3. g3 f5 4. Bg2 Nf6 5. d3 g6 6. Bg5 Bg7 7. Nf3 d6 8. 0-0 Ne7 9. Nd2 h6 10. Bxf6 Bxf6 11. Nd5 Nxd5 12. cxd5 0-0 13. Rc1 Rf7 14. Qb3 b6 15. Rc2 h5 16. e4 h4 17. h3 hxg3 18. fxg3 Bg5 19. Nc4 f4 20. g4 Ba6 21. Nd2 Bb7 22. Nc4 Ba6 23. Nd2 Bb7 24. Nc4 Ba6 25. Nd2 Bb7 26. Nc4 Ba6 1/2-1/2

[Event "ESP-ch U14"]
[Site "Granada"]
[Date "2016.07.16"]
[Round "9"]
[White "Ledesma Claros, Daniel"]
[Black "Garcia Gimenez, Santiago"]
[Result "0-1"]
[WhiteElo "1828"]
[BlackElo "2044"]
[PlyCount "76"]
[EventDate "2016.07.11"]
[EventType "swiss"]
[EventRounds "9"]
[EventCountry "ESP"]
[SourceTitle "EXT 2024"]
[Source "ChessBase"]
[SourceDate "2023.10.10"]
[SourceVersion "1"]
[SourceVersionDate "2023.10.10"]
[SourceQuality "1"]

1. e4 e5 2. Nf3 Nc6 3. Bc4 Bc5 4. c3 Nf6 5. d4 exd4 6. cxd4 Bb4+ 7. Nc3 Nxe4 8. 0-0 Bxc3 9. d5 Ne5 10. bxc3 Nxc4 11. Qd4 0-0 12. Qxe4 Nd6 13. Qd3 Qf6 14. Bg5 Qf5 15. Qxf5 Nxf5 16. g4 f6 17. Bf4 Ne7 18. Bxc7 Nxd5 19. Bd6 Re8 20. Nd4 b6 21. Rac1 Bb7 22. c4 Re4 23. cxd5 Rxd4 24. Rc7 Bxd5 25. h3 Bc6 26. Bg3 Ra4 27. Ra1 b5 28. Bd6 a5 29. a3 b4 30. f4 Kf7 31. f5 b3 32. Rb1 Rd4 33. Bh2 a4 34. Kf1 Rc4 35. Bg3 Rc2 36. h4 Re8 37. Bd6 b2 38. Bf4 Re4 0-1

[Event "Benidorm New Generation U14 11th"]
[Site "Benidorm"]
[Date "2015.12.06"]
[Round "4.1"]
[White "Ledesma Claros, Daniel"]
[Black "Torcal Miguel, Oscar"]
[Result "1/2-1/2"]
[WhiteElo "1710"]
[BlackElo "2004"]
[PlyCount "106"]
[EventDate "2015.12.04"]
[EventType "swiss"]
[EventRounds "7"]
[EventCountry "ESP"]
[SourceTitle "EXT 2024"]
[Source "ChessBase"]
[SourceDate "2023.10.10"]
[SourceVersion "1"]
[SourceVersionDate "2023.10.10"]
[SourceQuality "1"]

1. e4 c5 2. Nc3 Nc6 3. f4 e6 4. Nf3 d5 5. Bb5 Nge7 6. exd5 exd5 7. Ne5 a6 8. Bxc6+ Nxc6 9. Nxc6 bxc6 10. 0-0 Be7 11. d3 0-0 12. Qf3 Bf6 13. Bd2 Rb8 14. Rab1 Re8 15. Na4 Bd4+ 16. Kh1 Qh4 17. Be1 Qf6 18. Bf2 Bxf2 19. Qxf2 Qd4 20. Qxd4 cxd4 21. Rfe1 Rxe1+ 22. Rxe1 Kf8 23. b3 Rb7 24. Kg1 Re7 25. Kf2 Rxe1 26. Kxe1 Ke7 27. h3 Kd6 28. b4 f6 29. g4 g5 30. fxg5 fxg5 31. Kf2 Ke5 32. Kg3 Bb7 33. Nc5 Bc8 34. Nb3 Bb7 35. Nd2 a5 36. a3 axb4 37. axb4 h6 38. Nf3+ Kd6 39. Nxd4 Bc8 40. c4 c5 41. Nb5+ Kc6 42. bxc5 Ba6 43. Nd4+ Kxc5 44. Nf5 dxc4 45. dxc4 Bxc4 46. Nxh6 Kd6 47. Nf5+ Ke5 48. Ne3 Bd3 49. Kf2 Bb5 50. Nf5 Bd3 51. Ng3 Bb5 52. Ke3 Bc6 53. Kf2 Bb5 1/2-1/2